Normal view
MARC view
- اللغة العربية-اخطاء وتصويبات -التعليم العالي-الاردن-اللغة العربية-الاملاء-التركيب-النحو-القواعد
Entry Topical Term
001 - CONTROL NUMBER
- control field: 59281
003 - CONTROL NUMBER IDENTIFIER
- control field: JO-AjAnu
005 - DATE AND TIME OF LATEST TRANSACTION
- control field: 20230606083709.0
008 - FIXED-LENGTH DATA ELEMENTS
- fixed length control field: 230606|| aca||aabn | a|a d
040 ## - CATALOGING SOURCE
- Original cataloging agency: JO-AjAnu
- Transcribing agency: JO-AjAnu
150 ## - HEADING--TOPICAL TERM
- Topical term or geographic name entry element: اللغة العربية-اخطاء وتصويبات -التعليم العالي-الاردن-اللغة العربية-الاملاء-التركيب-النحو-القواعد
670 ## - SOURCE DATA FOUND
- Source citation: Work cat.: (JO-AjAnu)30236: إعداد فريق عمل مشروع واقع اللغة العربية في الجامعات الاردنية, author 59280, واقع اللغة العربية في الجامعات الأردنية الرسمية والخاصة: جامعة مؤتة أنموذجا